000 01158nam a2200253Ia 4500
999 _c42028
_d42028
001 8718
003 GE_BSU
005 20240530160930.0
008 181216s2012||||ge |||||||||||||| ||geo||
020 _a9789941198274
040 _cGE_BSU
041 _ageo
080 _a821.353.1-31 დ–90
100 _aდუმბაძე, ნოდარ
_91321
245 _aნუ გეშინია, დედა!.. :
_b[რომანი] /
_cნოდარ დუმბაძე ; რედ. რუსუდან დარჩიაშვილი ; გარეკანის დიზაინი ლევან კვარაცხელია.
264 _aთბილისი :
_bპალიტრა L,
_c2012.
300 _a391 გვ. ;
_c17 სმ.
541 _h5ლ.
653 _aნუ გეშინია, დედა!
653 _aრომანი
700 _aდარჩიაშვილი, რ. (რუსუდან)
_e რედაქტორი
_922248
700 _aკვარაცხელია, ლ. (ლევან)
_eგარეკანის დიზაინერი
_922249
942 _cBK
_2udc